Kultúra národa je najpevnejšia mena
Slovenská vláda stanovila pre oblasť kultúry jasné priority, ktoré vyjadrujú záujem štátu o konkrétne oblasti kultúry. Bez štátnej podpory by kultúra nemohla fungovať. Dotačné nástroje. Zmeny v poskytovaní dotácií. Žiadosti a možnosti. Systém udeľovania grantov je dôležitým nástrojom podpory štátnej...
Salvato in:
| Autore principale: | |
|---|---|
| Natura: | Capitolo di libro |
| Lingua: | slovacco |
| Soggetti: | |
| Tags: |
Nessun Tag, puoi essere il primo ad aggiungerne!!
|
MARC
| LEADER | 00000naa$a2200000$$$4500 | ||
|---|---|---|---|
| 001 | 0087961 | ||
| 005 | 20231016085645.1 | ||
| 041 | 0 | |a slo | |
| 044 | |a SK | ||
| 245 | 1 | 0 | |a Kultúra národa je najpevnejšia mena |c Emil Semanco |
| 520 | |a Slovenská vláda stanovila pre oblasť kultúry jasné priority, ktoré vyjadrujú záujem štátu o konkrétne oblasti kultúry. Bez štátnej podpory by kultúra nemohla fungovať. Dotačné nástroje. Zmeny v poskytovaní dotácií. Žiadosti a možnosti. Systém udeľovania grantov je dôležitým nástrojom podpory štátnej kultúrnej politiky. | ||
| 610 | 2 | 0 | |a kultúra |
| 610 | 2 | 0 | |a štát |
| 610 | 2 | 0 | |a podpory |
| 610 | 2 | 0 | |a dotácie |
| 610 | 2 | 0 | |a granty |
| 100 | 1 | |a Semanco, Emil | |